[Event "Asia/Oceania Uni-ch (Women)"]
[Site "Tornelo INT"]
[Date "2022.12.20"]
[Round "9"]
[White "Jayawardane, Dilmi Udaransi"]
[Black "Nour, Alkhatib"]
[Result "1-0"]
[WhiteElo "1435"]
[BlackElo "1188"]
[PlyCount "127"]
[EventDate "2022.12.18"]
[EventType "swiss (rapid)"]
[EventRounds "9"]
[EventCountry "NET"]
[SourceTitle "EXT 2024"]
[Source "ChessBase"]
[SourceDate "2023.10.10"]
[SourceVersion "1"]
[SourceVersionDate "2023.10.10"]
[SourceQuality "1"]

1. Nf3 d6 2. d4 Nf6 3. g3 c6 4. Bg2 Bg4 5. c4 Qa5+ 6. Bd2 Qc7 7. Nc3 e5 8. dxe5 dxe5 9. 0-0 Be7 10. Qc2 0-0 11. Rfe1 a5 12. Ne4 Nbd7 13. Bc3 Bh5 14. Nxf6+ Bxf6 15. e4 Rfd8 16. b3 Nc5 17. Rad1 Bg6 18. Nd2 Rd7 19. Nf1 Rad8 20. f3 Qb6 21. Kh1 h5 22. Rxd7 Rxd7 23. Rd1 Rxd1 24. Qxd1 Qc7 25. Qd2 b5 26. Bxa5 Qd7 27. Qxd7 Nxd7 28. cxb5 cxb5 29. Nd2 Be7 30. Bf1 b4 31. Nc4 f6 32. Nb2 Nb8 33. Bb5 Kf8 34. Bc7 Be8 35. Bxe8 Kxe8 36. Bxb8 Kd7 37. Ba7 Kc6 38. Nd3 Bd6 39. Be3 g6 40. Bd2 Kb5 41. Kg2 f5 42. Kh3 fxe4 43. fxe4 g5 44. Bxg5 Kc6 45. Bd2 Kb5 46. Kh4 Bc7 47. Bxb4 Bb6 48. a4+ Kc6 49. Nxe5+ Kc7 50. Kxh5 Bg1 51. h4 Bh2 52. Kg4 Kd8 53. h5 Ke8 54. h6 Kd8 55. h7 Kc7 56. h8Q Bg1 57. Qg7+ Kb6 58. Qf6+ Kb7 59. Qc6+ Ka7 60. Bc5+ Bxc5 61. Qxc5+ Kb7 62. Nd7 Ka6 63. Qc6+ Ka5 64. Qb5# 1-0

[Event "Asia/Oceania Uni-ch (Women)"]
[Site "Tornelo INT"]
[Date "2022.12.19"]
[Round "5"]
[White "Jayawardane, Dilmi Udaransi"]
[Black "Khaliun, Batnasan"]
[Result "1-0"]
[WhiteElo "1435"]
[BlackElo "1849"]
[PlyCount "53"]
[EventDate "2022.12.18"]
[EventType "swiss (rapid)"]
[EventRounds "9"]
[EventCountry "NET"]
[SourceTitle "EXT 2024"]
[Source "ChessBase"]
[SourceDate "2023.10.10"]
[SourceVersion "1"]
[SourceVersionDate "2023.10.10"]
[SourceQuality "1"]

1. Nf3 d5 2. g3 Nf6 3. Bg2 c6 4. d4 Bf5 5. Nbd2 Nbd7 6. 0-0 e6 7. Re1 Be7 8. c3 0-0 9. Nh4 Rc8 10. Nxf5 exf5 11. Nf3 Ne4 12. Bh3 g6 13. Bh6 Re8 14. Nd2 Ndf6 15. Nxe4 Nxe4 16. f3 Nd6 17. Bf4 Bg5 18. Qc1 Bxf4 19. Qxf4 Nc4 20. e4 Nxb2 21. Reb1 Na4 22. exf5 Rc7 23. Rc1 Rce7 24. Rab1 Qa5 25. f6 Nxc3 26. Qh6 Ne2+ 27. Kf2 1-0

[Event "Asia/Oceania Uni-ch (Women)"]
[Site "Tornelo INT"]
[Date "2022.12.18"]
[Round "2"]
[White "Faruq, Afifa Ayyun"]
[Black "Jayawardane, Dilmi Udaransi"]
[Result "1-0"]
[WhiteElo "1697"]
[BlackElo "1435"]
[PlyCount "133"]
[EventDate "2022.12.18"]
[EventType "swiss (rapid)"]
[EventRounds "9"]
[EventCountry "NET"]
[SourceTitle "EXT 2024"]
[Source "ChessBase"]
[SourceDate "2023.10.10"]
[SourceVersion "1"]
[SourceVersionDate "2023.10.10"]
[SourceQuality "1"]

1. e4 c5 2. Nf3 d6 3. d4 cxd4 4. Nxd4 Nf6 5. Nc3 g6 6. Be2 Bg7 7. 0-0 Nc6 8. Nb3 0-0 9. f4 a6 10. a4 b6 11. Be3 Bb7 12. Bf3 Qc7 13. Nd5 Nxd5 14. exd5 Na7 15. c3 a5 16. Nd4 Ba6 17. Re1 b5 18. axb5 Bxb5 19. f5 Rfb8 20. Qd2 Nc8 21. Bh6 Bh8 22. h4 Bd7 23. Kh1 Qb6 24. fxg6 hxg6 25. h5 Bxd4 26. cxd4 Qxb2 27. Qf4 Bf5 28. g4 Bd3 29. Rad1 Qc3 30. Rc1 Qb4 31. Qe3 Qb3 32. Red1 Bc2 33. Rxc2 Qxe3 34. Bxe3 a4 35. Ra2 a3 36. Bc1 Rb3 37. Kg2 Nb6 38. hxg6 fxg6 39. Be4 Kg7 40. Rd3 Rb1 41. Rdxa3 Rxa3 42. Bxa3 Rd1 43. Bf3 Kf7 44. Rf2 Rxd4 45. Bb2 Rb4 46. Bc3 Rf4 47. Kg3 g5 48. Bd2 Rd4 49. Be3 Rb4 50. Bxg5 Ke8 51. Bd2 Rb3 52. Kh4 Nc4 53. Bh6 Ne5 54. Be4 Rb4 55. Bf5 Rd4 56. Be6 Kd8 57. Bg7 Re4 58. Bxe5 Rxe5 59. g5 Re4+ 60. Kh5 Re5 61. Kh6 Re1 62. Rg2 Rh1+ 63. Kg7 Ke8 64. Bf7+ Kd7 65. g6 Kd8 66. Be6 Rh4 67. Rc2 1-0

[Event "SRI-chB (Women)"]
[Site "Colombo"]
[Date "2014.02.28"]
[Round "5"]
[White "Kariyapperuma, CP."]
[Black "Jayawardane, Dilmi Udaransi"]
[Result "1/2-1/2"]
[WhiteElo "1552"]
[BlackElo "1438"]
[PlyCount "53"]
[EventDate "2014.02.26"]
[EventType "swiss"]
[EventRounds "10"]
[EventCountry "SRI"]
[SourceTitle "CBM 159 Extra"]
[Source "ChessBase"]
[SourceDate "2014.04.24"]
[SourceVersion "1"]
[SourceVersionDate "2014.04.24"]
[SourceQuality "1"]

1. e4 e6 2. d4 d5 3. exd5 exd5 4. Bd3 Nf6 5. Bg5 Be7 6. c3 Ng4 7. Qe2 Be6 8. Bxe7 Qxe7 9. Nf3 h6 10. h3 Nf6 11. Nbd2 0-0 12. 0-0-0 c6 13. Bf5 Re8 14. Rde1 Nbd7 15. Bxe6 Qxe6 16. Qxe6 Rxe6 17. Rxe6 fxe6 18. Re1 Re8 19. Ne5 Nxe5 20. Rxe5 Nd7 21. Re3 e5 22. dxe5 Rxe5 23. Rxe5 Nxe5 24. Kc2 c5 25. Nf1 Kf7 26. Ne3 Ke6 27. f4 1/2-1/2

[Event "SRI-chB (Women)"]
[Site "Colombo"]
[Date "2014.02.27"]
[Round "3"]
[White "De Silva, Shelani"]
[Black "Jayawardane, Dilmi Udaransi"]
[Result "1-0"]
[WhiteElo "1610"]
[BlackElo "1438"]
[PlyCount "45"]
[EventDate "2014.02.26"]
[EventType "swiss"]
[EventRounds "10"]
[EventCountry "SRI"]
[SourceTitle "CBM 159 Extra"]
[Source "ChessBase"]
[SourceDate "2014.04.24"]
[SourceVersion "1"]
[SourceVersionDate "2014.04.24"]
[SourceQuality "1"]

1. e4 e6 2. d4 d5 3. Nc3 Bb4 4. e5 c5 5. a3 cxd4 6. Qxd4 Bxc3+ 7. Qxc3 Bd7 8. Qg3 g6 9. Bd3 Nc6 10. Nf3 f6 11. 0-0 Qc7 12. Re1 f5 13. Be3 0-0-0 14. c4 dxc4 15. Bxc4 Kb8 16. Bc5 Ka8 17. b4 Rc8 18. Bd6 Qd8 19. Ng5 Nh6 20. a4 Nd4 21. Rac1 Bxa4 22. Ra1 Qd7 23. Ra2 1-0

[Event "SRI-chB (Women)"]
[Site "Colombo"]
[Date "2014.02.26"]
[Round "2"]
[White "Jayawardane, Dilmi Udaransi"]
[Black "Thilakawardana, Supeshala"]
[Result "1-0"]
[WhiteElo "1438"]
[BlackElo "1765"]
[PlyCount "41"]
[EventDate "2014.02.26"]
[EventType "swiss"]
[EventRounds "10"]
[EventCountry "SRI"]
[SourceTitle "CBM 159 Extra"]
[Source "ChessBase"]
[SourceDate "2014.04.24"]
[SourceVersion "1"]
[SourceVersionDate "2014.04.24"]
[SourceQuality "1"]

1. Nf3 Nf6 2. g3 b6 3. Bg2 Bb7 4. d4 e6 5. Nbd2 c5 6. c3 Na6 7. b3 Rc8 8. a3 Be7 9. Bb2 Nc7 10. c4 cxd4 11. Bxd4 0-0 12. 0-0 Nce8 13. b4 Nd6 14. c5 Nf5 15. cxb6 Nxd4 16. Nxd4 Bxg2 17. Kxg2 Qxb6 18. N4f3 Rc7 19. Rc1 Rfc8 20. Rxc7 Rxc7 21. Nb1 1-0